000 00298nam a22001337a 4500
008 170619b xxu||||| |||| 00| 0 eng d
020 _a2900817309946
041 _aeng
080 _a23
100 _a20
101 _aSHP
245 _aTHE PAST IN THE PRESENT
_cMCCANDLESS,A.TH
942 _2udc
_cBK
999 _c18166
_d18166